000 01150cam a2200229 4500
001 WB@3612-334
008 041202n2004 000 0 eng u
035 _a(Sirsi) u128170
245 _aUnsolved problems with PFI
260 _c2004
490 _aLaw Society's Gazette
_v101(45) 25 November 2004, 6(1)
490 _aBevan Brittan Press Release
_v17 November 2004 (2)
520 _aLaw firm Bevan Brittan LLP has released a report especially commissioned from the Social Market Foundation. "The future of the private finance initiative" shows that PFI is a success but that work is urgently needed on the long-term management of PFI projects, especially those that will be ongoing over a 20 or 30 year term. The report recommends that a good knowledge transfer and mutual understanding of the parties' needs and trust is required. The report is available to download free from the website. http://www.bevanashford.co.uk/pressreleases/pr06.a sp
590 _aWB
590 _aWB
650 _aPFI CONTRACTS
650 _aMANAGEMENT
650 _aPUBLIC PROCUREMENT
650 _aCOMPETITITION
690 _aFINANCE-PFI
942 _n0
999 _c118387
_d118387